000 00779nam a2200289Ia 4500
005 20260324112418.0
008 008 260324s9999 xx 000 0 eng d
020 _a9781003221388
037 _aEBOOK
040 _aCRL
040 _beng
040 _cCRL
041 _2eng
041 _aeng
084 _qCRL
100 _aThomas M. Skovholt; Michelle Trotter-Mathison
_91142588
245 4 _aThe Resilient Practitioner
245 0 _bBurnout and Compassion Fatigue Prevention and Self-Care Strategies for the Helping Professions, 4th ed
260 _bTaylor and Francis
260 _c2024
365 _a
365 _b220
856 _uhttp://www.taylorfrancis.com/books/9781003221388
942 _cEBOOK
999 _c1731783
_d1731783